| LEADER 00000nam 2200000uu 4500 |
| 001 13399120172 |
| 003 BCNR |
| 008 110524s2553 th a 000 0 tha d |
| 020 ^a9789744017628
|
| 041 0 ^atha
|
| 060 4 ^aWC515^bข782 2553
|
| 245 00 ^aQ&A ไขปัญหา "ไข้หวัดใหญ่" โรคที่สร้างความสับสนในสังคม /^cชิษณุ พันธุ์เจริญ ... และคนอื่นๆ, บรรณาธิการ
|
| 250 ^aพิมพ์ครั้งที่ 1
|
| 260 ^aกรุงเทพฯ :^bมูลนิธิส่งเสริมการศึกษาไข้หวัดใหญ่,^c2553
|
| 300 ^a61 หน้า :^bภาพประกอบ ;^c17 ซม.
|
| 650 7 ^aไข้หวัดใหญ่^vคำถามและคำตอบ
|
| 650 7 ^aไข้หวัดนก^vคำถามและคำตอบ
|
| 650 7 ^aไข้หวัดใหญ่สายพันธุ์ใหม่ 2009^vคำถามและคำตอบ
|
| 650 7 ^aไข้หวัดใหญ่
|
| 700 0 ^aชิษณุ พันธุ์เจริญ,^eบรรณาธิการ
|
| 700 0 ^aประภาศรี จงสุขสันติกุล,^eบรรณาธิการ
|
| 700 0 ^aดาริกา กิ่งเนตร,^eบรรณาธิการ
|
| 700 0 ^aประเสริฐ ทองเจริญ,^eบรรณาธิการ
|
| 710 2 ^aมูลนิธิส่งเสริมการศึกษาไข้หวัดใหญ่
|
| 999 ^aบรรณารักษ์
|